000 00750nam a2200217Ia 4500
003 GCL
008 140319s9999 xx 000 0 ara d
040 _aGCL /
_cGCL
082 0 4 _aق
_b953.0962
_bح ت
100 1 _aعبدالرحيم عبدالرحمن عبدالرحيم
245 1 0 _aتراجم الصواعق فى واقعة الصناجق /
_cعبدالرحيم عبدالرحمن عبدالرحيم
700 1 _aالحنبلى, ابراهيم بن ابى بكر اى
300 _a181
490 _a100 قصة
_v0
650 0 4 _aمصر
650 0 4 _aتاريخ
650 0 4 _aالعصر المملوكى
650 0 4 _aمخطوطات
650 0 4 _aالعالم العربى - تاريخ - العصر العثمانى
942 _2ddc
_cBK
999 _c43474
_d43474